| 000 | 00368nam a22001097a 4500 | ||
|---|---|---|---|
| 999 |
_c7779 _d7780 |
||
| 008 | 190404b ||||| |||| 00| 0 eng d | ||
| 020 | _a9781729476536 | ||
| 100 | _aYounes, Abdelkhalek Hassan. | ||
| 245 |
_aThe Story of all or none in Sexually Transmitted Diseases Infections ; _bSTIs symptoms and treatment |
||
| 260 |
_aEgypt ; _bAl- Azhar University, _cNA. |
||
| 942 | _2ddc | ||